| 000 | 00643nam a2200205 a 4500 | ||
|---|---|---|---|
| 001 | 2333 | ||
| 003 | CDMR | ||
| 005 | 20131030181236.0 | ||
| 008 | 130130s1975||||||||||||||||||||||||||||d | ||
| 020 | _a8480017524 | ||
| 040 |
_aCDMR _bcat _cCDMR |
||
| 100 | 1 |
_aLazo, Alfonso _91750 |
|
| 245 | 1 | 3 |
_aLa revolución rusa en el diario ABC de la época _cAlfonso Lazo |
| 260 |
_aSevilla _c1975 _bPublicaciones de la Universidad de Sevilla |
||
| 490 | 0 |
_aColección de Bolsillo (Universidad de Sevilla) _v34 |
|
| 610 | 2 |
_990 _aABC (Diari) |
|
| 650 | 0 | 4 |
_93470 _aPremsa i política |
| 650 | 0 | 4 |
_94217 _aRevolucions _xCobertura periodística |
| 942 |
_cMON _2udc |
||
| 999 |
_c2333 _d2333 |
||